[Event "SV Welper 2 - SF Brackel 3"]
[Site "Verbandsklasse - Gruppe 2 202"]
[Date "2021.12.12"]
[Round "3.6"]
[White "Sharma, Rakesh"]
[Black "Seref, Serkan"]
[Result "1/2-1/2"]
[WhiteElo "1762"]
[BlackElo "1705"]
[PlyCount "58"]
[EventDate "2021.??.??"]
[WhiteTeam "SV Welper 2"]
[BlackTeam "SF Brackel 3"]

1. d4 e6 2. c3 f5 3. e4 fxe4 4. Qh5+ g6 5. Qe5 Nf6 6. Bg5 Bg7 7. Bxf6 Bxf6 8.
Qxe4 d5 9. Qe3 Nc6 10. Bb5 O-O 11. Bxc6 bxc6 12. Nf3 Qd6 13. O-O Rb8 14. b4 Bg7
15. Nbd2 Rf5 16. Rfe1 Qf8 17. Nb3 Bh6 18. Qe2 Qd6 19. Nc5 Rf6 20. Ne5 Bg7 21.
g3 Rf8 22. f4 Bxe5 23. Qxe5 Kf7 24. h4 Qxe5 25. Rxe5 Re8 26. Rae1 Kf6 27. g4
Ra8 28. f5 gxf5 29. gxf5 Rg8+ 1/2-1/2

[Event "SV Welper 2 - SF Brackel 3"]
[Site "Verbandsklasse - Gruppe 2 202"]
[Date "2021.12.12"]
[Round "3.7"]
[White "Czarnetzki, Reinhold"]
[Black "Berke, Martin"]
[Result "1/2-1/2"]
[WhiteElo "1671"]
[BlackElo "1748"]
[PlyCount "70"]
[EventDate "2021.??.??"]
[WhiteTeam "SF Brackel 3"]
[BlackTeam "SV Welper 2"]

1. e4 c5 2. c3 Nf6 3. e5 Nd5 4. d4 cxd4 5. cxd4 e6 6. Nf3 Nc6 7. Bc4 Nb6 8. Bb3
d6 9. O-O dxe5 10. dxe5 Qxd1 11. Rxd1 Bc5 12. Nc3 Nd7 13. Bf4 b6 14. Ne4 Ke7
15. Ba4 Bb7 16. Nd6 Bxd6 17. exd6+ Kd8 18. Rac1 Rc8 19. Rc3 Nc5 20. Bxc6 Bxc6
21. Ne5 Be8 22. b4 f6 23. bxc5 fxe5 24. Bxe5 Rxc5 25. Rxc5 bxc5 26. Rc1 Bc6 27.
Rxc5 Kd7 28. Ra5 Ra8 29. f3 g6 30. Kf2 a6 31. Ke3 Bb7 32. Rc5 Bc6 33. Ra5 Bb7
34. Rc5 Bc6 35. Ra5 Bb7 1/2-1/2

[Event "SV Welper 2 - SF Brackel 3"]
[Site "Verbandsklasse - Gruppe 2 202"]
[Date "2021.12.12"]
[Round "3.8"]
[White "Schaller, Kai"]
[Black "Sutharjan, Dakxwin"]
[Result "1-0"]
[WhiteElo "1759"]
[BlackElo "1277"]
[PlyCount "51"]
[EventDate "2021.??.??"]
[WhiteTeam "SV Welper 2"]
[BlackTeam "SF Brackel 3"]

1. e4 d5 2. exd5 Nf6 3. d4 Bg4 4. Be2 Bxe2 5. Nxe2 Qxd5 6. O-O Nc6 7. b3 O-O-O
8. Bb2 e5 9. c4 Qd7 10. d5 Bc5 11. a3 Nd4 12. Nxd4 Bxd4 13. Bxd4 exd4 14. Qxd4
b6 15. Qf4 Rhe8 16. Nc3 Qe7 17. Nb5 a6 18. Na7+ Kb7 19. Nc6 Qd6 20. Nxd8+ Qxd8
21. Rfe1 Rf8 22. Rad1 Qd7 23. d6 Rd8 24. Qf3+ c6 25. Re7 Qxe7 26. dxe7 1-0

[Event "SC Rochade Rüttenscheid 1 - SG Werl-Wic"]
[Site "Verbandsklasse - Gruppe 2 202"]
[Date "2021.12.12"]
[Round "3.1"]
[White "Beulertz, Stefan"]
[Black "Michalek, Christoph"]
[Result "0-1"]
[WhiteElo "1971"]
[BlackElo "2141"]
[PlyCount "92"]
[EventDate "2021.??.??"]
[WhiteTeam "SG Werl-Wickede 1"]
[BlackTeam "SC Rochade Rüttenscheid 1"]

1. e4 c5 2. Nf3 e6 3. g3 Nc6 4. Bg2 Nf6 5. d3 d5 6. Qe2 Be7 7. O-O b6 8. e5 Nd7
9. c4 d4 10. Na3 Bb7 11. h4 a6 12. Bf4 h6 13. h5 Qc7 14. Nc2 Nf8 15. g4 g6 16.
Rfe1 f5 17. gxf5 exf5 18. hxg6 Nxg6 19. Qd2 O-O-O 20. Kf1 Nxf4 21. Qxf4 Kb8 22.
Re2 Rdf8 23. a3 Nd8 24. b4 Ne6 25. Qh2 Bg5 26. Nce1 Nf4 27. Rb2 Nxg2 28. Qxg2
Be7 29. Qh2 Ka7 30. Qf4 h5 31. bxc5 bxc5 32. Rab1 Bc6 33. Ng2 Rhg8 34. Ngh4 Qd8
35. Nxf5 Rg4 36. Qh6 Bxf3 37. Nxe7 Qxe7 38. Qb6+ Ka8 39. Qxa6+ Qa7 40. Qd6 Rg1+
41. Kxg1 Qg7+ 42. Kf1 Qg2+ 43. Ke1 Qg1+ 44. Kd2 Qxf2+ 45. Kc1 Qe1+ 46. Kc2 Qc3#
0-1

[Event "SC Rochade Rüttenscheid 1 - SG Werl-Wic"]
[Site "Verbandsklasse - Gruppe 2 202"]
[Date "2021.12.12"]
[Round "3.2"]
[White "Stanau, Guido"]
[Black "Lampe, Thomas"]
[Result "0-1"]
[WhiteElo "2001"]
[BlackElo "1890"]
[PlyCount "100"]
[EventDate "2021.??.??"]
[WhiteTeam "SC Rochade Rüttenscheid 1"]
[BlackTeam "SG Werl-Wickede 1"]

1. e4 c5 2. Nf3 Nc6 3. c3 d5 4. exd5 Qxd5 5. d4 Bg4 6. dxc5 Qxd1+ 7. Kxd1 e6 8.
b4 a5 9. Bb5 Nge7 10. Nbd2 Nd5 11. Bb2 axb4 12. cxb4 Ndxb4 13. a3 Na6 14. Ke1
Bxf3 15. gxf3 Nxc5 16. a4 O-O-O 17. Bc3 Nd4 18. Ra2 Be7 19. Rg1 Bf6 20. Ba5 Rd5
21. Bc4 Rf5 22. Bb6 Nd7 23. Bxd4 Bxd4 24. Ke2 Nc5 25. Rc1 Kb8 26. a5 Rc8 27.
Rb1 Ka7 28. Ra3 Rh5 29. Nf1 Nd7 30. Bd3 Rc3 31. Ra2 Ne5 32. Be4 Nc6 33. Rd1 e5
34. Rb1 f5 35. Bd3 Bc5 36. Ra4 Nd4+ 37. Kd2 Ra3 38. Rc4 Nxf3+ 39. Kc1 Rxa5 40.
Be2 e4 41. Bxf3 exf3 42. Rf4 Ra2 43. Rxf3 Rxf2 44. Rxf2 Bxf2 45. Rb2 Bc5 46.
Ng3 Rg5 47. Ra2+ Kb6 48. Re2 f4 49. Re6+ Kb5 50. Ne4 f3 0-1

[Event "SC Rochade Rüttenscheid 1 - SG Werl-Wic"]
[Site "Verbandsklasse - Gruppe 2 202"]
[Date "2021.12.12"]
[Round "3.3"]
[White "Brunberg, Ingo"]
[Black "Dorgarten, Armin"]
[Result "1/2-1/2"]
[WhiteElo "1801"]
[BlackElo "1947"]
[PlyCount "50"]
[EventDate "2021.??.??"]
[WhiteTeam "SG Werl-Wickede 1"]
[BlackTeam "SC Rochade Rüttenscheid 1"]

1. e4 d6 2. d4 Nf6 3. Nc3 e5 4. dxe5 dxe5 5. Qxd8+ Kxd8 6. Nf3 Bd6 7. Bc4 Be6
8. Bxe6 fxe6 9. Bg5 Nbd7 10. O-O-O Ke7 11. Nd2 a6 12. f3 b5 13. Nb3 Bb4 14. Ne2
a5 15. Bd2 Bxd2+ 16. Nxd2 g5 17. Rde1 h5 18. h4 Rhg8 19. hxg5 Rxg5 20. g3 c6
21. Rh4 Rg7 22. Rg1 Rag8 23. Nb3 a4 24. Nd2 Nc5 25. Nf1 Kd6 1/2-1/2

[Event "SC Rochade Rüttenscheid 1 - SG Werl-Wic"]
[Site "Verbandsklasse - Gruppe 2 202"]
[Date "2021.12.12"]
[Round "3.4"]
[White "Koprek, Juergen"]
[Black "Scheibe, Andreas"]
[Result "0-1"]
[WhiteElo "1882"]
[BlackElo "1771"]
[PlyCount "84"]
[EventDate "2021.??.??"]
[WhiteTeam "SC Rochade Rüttenscheid 1"]
[BlackTeam "SG Werl-Wickede 1"]

1. d4 Nf6 2. c4 g6 3. Nc3 Bg7 4. e4 d6 5. Be2 O-O 6. Bg5 c5 7. d5 Nbd7 8. Qd2
Re8 9. Bh6 Bh8 10. h4 Nf8 11. h5 a6 12. Bxf8 Rxf8 13. hxg6 fxg6 14. Nf3 Rf7 15.
e5 dxe5 16. Nxe5 Rg7 17. g4 Qd6 18. Qe3 b5 19. g5 b4 20. Na4 Nd7 21. Nxd7 Bxd7
22. Nxc5 Rf7 23. Nxd7 Qxd7 24. O-O-O Raf8 25. Rhf1 Rf4 26. f3 R8f5 27. Rd2 Be5
28. Rg1 Rh4 29. Qf2 Rh2 30. Rg2 Rxg2 31. Qxg2 Bf4 32. Qg4 Qd6 33. Kc2 Qe5 34.
Bd3 Bxd2 35. Kxd2 Qxb2+ 36. Ke3 Qe5+ 37. Kd2 Rxg5 38. Qc8+ Kg7 39. Qh3 Rh5 40.
Qf1 Rh2+ 41. Be2 Qc3+ 42. Kd1 Qa1+ 0-1

[Event "SC Rochade Rüttenscheid 1 - SG Werl-Wic"]
[Site "Verbandsklasse - Gruppe 2 202"]
[Date "2021.12.12"]
[Round "3.5"]
[White "Krahn, Reinhard"]
[Black "Storp, Thomas"]
[Result "1/2-1/2"]
[WhiteElo "1761"]
[BlackElo "1831"]
[PlyCount "102"]
[EventDate "2021.??.??"]
[WhiteTeam "SG Werl-Wickede 1"]
[BlackTeam "SC Rochade Rüttenscheid 1"]

1. e4 e5 2. Nf3 Nc6 3. Bb5 d6 4. c3 Bd7 5. O-O Nf6 6. d3 Be7 7. Nbd2 O-O 8. Re1
a6 9. Ba4 b5 10. Bc2 Bg4 11. h3 Bh5 12. Nf1 Qd7 13. Ng3 Bg6 14. Qe2 Rfe8 15. a4
b4 16. a5 Na7 17. Ba4 c6 18. d4 exd4 19. Nxd4 bxc3 20. bxc3 Nb5 21. Qc4 Rec8
22. Bd2 Bf8 23. f4 d5 24. exd5 Nxd5 25. f5 Nxd4 26. cxd4 Bxf5 27. Nxf5 Qxf5 28.
Bxc6 Nf6 29. Rac1 Ra7 30. Rf1 Qh5 31. d5 Bd6 32. Bc3 Nd7 33. Bd4 Ne5 34. Qc2
Re7 35. Rf5 Qg6 36. Bxe5 Rxe5 37. Rxe5 Qxc2 38. Rxc2 Bxe5 39. Re2 Bc7 40. Bb7
Rd8 41. Bxa6 Bxa5 42. Bb7 Bb4 43. Bc6 Kf8 44. Re4 Bd6 45. Kf2 Be7 46. Re2 Rd6
47. Ra2 Bd8 48. Ke3 Ke7 49. Kd4 Bb6+ 50. Kc4 Rg6 51. Kb5 Bg1 1/2-1/2

[Event "SC Rochade Rüttenscheid 1 - SG Werl-Wic"]
[Site "Verbandsklasse - Gruppe 2 202"]
[Date "2021.12.12"]
[Round "3.6"]
[White "Bruckmann, Jochen"]
[Black "Zimmer, Sebastian"]
[Result "1-0"]
[WhiteElo "1785"]
[BlackElo "1677"]
[PlyCount "99"]
[EventDate "2021.??.??"]
[WhiteTeam "SC Rochade Rüttenscheid 1"]
[BlackTeam "SG Werl-Wickede 1"]

1. e4 e6 2. d4 d5 3. e5 c5 4. Bb5+ Nc6 5. c3 Bd7 6. Bxc6 bxc6 7. Be3 cxd4 8.
cxd4 Qb6 9. Qc2 Rb8 10. b3 Bb4+ 11. Nd2 Ne7 12. Ngf3 Nf5 13. O-O O-O 14. g4
Nxe3 15. fxe3 c5 16. Ng5 g6 17. Ndf3 cxd4 18. exd4 f6 19. exf6 Rxf6 20. Qf2 h6
21. Qh4 hxg5 22. Nxg5 Rxf1+ 23. Rxf1 Qxd4+ 24. Kg2 Qh8 25. Qg3 Rf8 26. Qc7 Rxf1
27. Qxd7 Qf6 28. Qh7+ Kf8 29. Qh4 Ke7 30. Qh7+ Kd6 31. Qxa7 Rf4 32. Qb8+ Kc5
33. Qxf4 Qb2+ 34. Qf2+ Qxf2+ 35. Kxf2 e5 36. Ke2 Ba3 37. h4 Bc1 38. Ne6+ Kd6
39. Nf8 g5 40. h5 Ke7 41. Ng6+ Kf6 42. a4 Ba3 43. a5 Bc5 44. a6 e4 45. b4 Ba7
46. b5 d4 47. Nf8 Ke7 48. Nh7 Kf7 49. Nxg5+ Kg7 50. Nxe4 1-0

[Event "SC Rochade Rüttenscheid 1 - SG Werl-Wic"]
[Site "Verbandsklasse - Gruppe 2 202"]
[Date "2021.12.12"]
[Round "3.7"]
[White "Hering, Christian"]
[Black "Neaga, Bogdan"]
[Result "0-1"]
[WhiteElo "1627"]
[BlackElo "1843"]
[PlyCount "62"]
[EventDate "2021.??.??"]
[WhiteTeam "SG Werl-Wickede 1"]
[BlackTeam "SC Rochade Rüttenscheid 1"]

1. d4 Nf6 2. Nf3 e6 3. Bg5 c5 4. e3 Nc6 5. Be2 Qa5+ 6. Qd2 Ne4 7. Qxa5 Nxa5 8.
Bf4 c4 9. Nbd2 Nxd2 10. Nxd2 d5 11. e4 b5 12. c3 b4 13. Bc7 Nc6 14. Bf3 dxe4
15. Bxe4 Kd7 16. Bf4 Ba6 17. Ke2 Re8 18. Kf3 f5 19. Bc2 h6 20. h4 Bb5 21. h5
Be7 22. g4 Rhf8 23. Kg3 fxg4 24. Kxg4 Rxf4+ 25. Kxf4 Bg5+ 26. Kg4 Bxd2 27. Rad1
bxc3 28. bxc3 Bxc3 29. d5 Ne5+ 30. Kg3 Nd3 31. dxe6+ Rxe6 0-1

[Event "SC Rochade Rüttenscheid 1 - SG Werl-Wic"]
[Site "Verbandsklasse - Gruppe 2 202"]
[Date "2021.12.12"]
[Round "3.8"]
[White "Busacker, Holger"]
[Black "Siebert, Michael"]
[Result "1-0"]
[WhiteElo "1795"]
[BlackElo "1455"]
[PlyCount "101"]
[EventDate "2021.??.??"]
[WhiteTeam "SC Rochade Rüttenscheid 1"]
[BlackTeam "SG Werl-Wickede 1"]

1. e4 c5 2. Nc3 d6 3. Bc4 Nc6 4. d3 Nf6 5. f4 e6 6. Nf3 Be7 7. O-O O-O 8. Bb3
Qc7 9. Qe1 Bd7 10. h3 a6 11. e5 dxe5 12. fxe5 Ne8 13. Bf4 Na5 14. Ne4 c4 15.
dxc4 Nxb3 16. cxb3 b5 17. Rd1 Rd8 18. Qe2 Bc6 19. Rxd8 Qxd8 20. Rd1 Qb6+ 21.
Kh2 f6 22. exf6 Nxf6 23. Nxf6+ Rxf6 24. Bg3 Rg6 25. Ne5 Rg5 26. Nxc6 Qxc6 27.
cxb5 axb5 28. Rd3 Rc5 29. Rc3 Qd7 30. Re3 Kf7 31. Qf2+ Rf5 32. Rf3 g6 33. Qe3
Bg5 34. Qd3 Qa7 35. Rxf5+ gxf5 36. a3 Qb7 37. Be5 Bf6 38. Bxf6 Kxf6 39. a4 bxa4
40. Qc3+ e5 41. bxa4 Qb8 42. a5 Kg5 43. g3 h5 44. b4 Qb5 45. Qe3+ f4 46. gxf4+
exf4 47. Qc5+ Qxc5 48. bxc5 Kf5 49. a6 f3 50. a7 Ke4 51. Kg1 1-0

[Event "SV Horst-Emscher 2 - SK Germania Kupfer"]
[Site "Verbandsklasse - Gruppe 2 202"]
[Date "2021.12.12"]
[Round "3.1"]
[White "Schaefer, Johannes"]
[Black "Renn, Thorsten"]
[Result "1-0"]
[WhiteElo "1772"]
[BlackElo "1883"]
[PlyCount "59"]
[EventDate "2021.??.??"]
[WhiteTeam "SK Germania Kupferdreh 1"]
[BlackTeam "SV Horst-Emscher 2"]

1. e4 e6 2. d4 d5 3. Nc3 Nc6 4. e5 f6 5. exf6 Qxf6 6. Nf3 Bd6 7. Bg5 Qf7 8. Bb5
Bd7 9. Bxc6 Bxc6 10. O-O h6 11. Bh4 Ne7 12. Bg3 O-O 13. Qe2 Nf5 14. Be5 Bxe5
15. Nxe5 Nxd4 16. Qd3 Qf4 17. Ng6 Qg5 18. Nxf8 e5 19. f4 Qf5 20. Qxf5 Nxf5 21.
Ng6 d4 22. Nd1 e4 23. g4 Nd6 24. Ne7+ Kf7 25. Nxc6 bxc6 26. Nf2 Ke6 27. Nxe4
Nxe4 28. Rfe1 Kd5 29. c4+ dxc3 30. Rad1+ 1-0

[Event "SV Horst-Emscher 2 - SK Germania Kupfer"]
[Site "Verbandsklasse - Gruppe 2 202"]
[Date "2021.12.12"]
[Round "3.2"]
[White "Becker, Marco"]
[Black "Bauriedel, Friedrich"]
[Result "1-0"]
[WhiteElo "1925"]
[BlackElo "1803"]
[PlyCount "121"]
[EventDate "2021.??.??"]
[WhiteTeam "SV Horst-Emscher 2"]
[BlackTeam "SK Germania Kupferdreh 1"]

1. e4 c5 2. g3 e5 3. Bg2 d6 4. c3 Nc6 5. Ne2 g6 6. O-O Bg7 7. d3 Nge7 8. h3 O-O
9. f4 f5 10. Nd2 Rb8 11. Nf3 h6 12. Be3 b6 13. Qd2 Kh7 14. Nh4 Be6 15. Kh2 Qd7
16. Rf2 d5 17. Qc2 d4 18. exf5 gxf5 19. cxd4 exd4 20. Bd2 Bf6 21. Nf3 Nd5 22.
a3 a5 23. Re1 Rg8 24. Qc1 Rbe8 25. Bh1 Bf7 26. Neg1 Re7 27. Rxe7 Ndxe7 28. Re2
Bh5 29. Qe1 Re8 30. Re6 Nd5 31. Rxe8 Bxe8 32. Ne5 Nxe5 33. fxe5 Bg5 34. Bxg5
hxg5 35. Nf3 Kh6 36. e6 Qd8 37. Qe5 Bg6 38. Nxd4 Qf6 39. Nc6 Qxe5 40. Nxe5 Nc7
41. e7 Kg7 42. Bc6 Be8 43. Bxe8 Nxe8 44. h4 Kf6 45. Nc6 g4 46. Kg2 Kg6 47. h5+
Kf6 48. Kf2 Kg5 49. d4 c4 50. Ke3 Kxh5 51. Kf4 Kg6 52. Ne5+ Kf6 53. Nxc4 b5 54.
Nxa5 Nc7 55. Ke3 Kxe7 56. Nc6+ Kd6 57. Nb4 Ne6 58. d5 Nc7 59. Kf4 Nxd5+ 60.
Nxd5 Kxd5 61. b3 1-0

[Event "SV Horst-Emscher 2 - SK Germania Kupfer"]
[Site "Verbandsklasse - Gruppe 2 202"]
[Date "2021.12.12"]
[Round "3.3"]
[White "Zagrabski, Kevin"]
[Black "Verfuerth, Christian"]
[Result "1-0"]
[WhiteElo "1885"]
[BlackElo "1824"]
[PlyCount "63"]
[EventDate "2021.??.??"]
[WhiteTeam "SK Germania Kupferdreh 1"]
[BlackTeam "SV Horst-Emscher 2"]

1. d4 e6 2. Bf4 f5 3. Nf3 Nf6 4. e3 b6 5. Bd3 Bb7 6. Nbd2 Be7 7. h3 c5 8. c3
Nc6 9. Qb3 O-O 10. g4 Nd5 11. Bh2 fxg4 12. hxg4 h6 13. Rg1 cxd4 14. Nxd4 Nxd4
15. cxd4 Rc8 16. Rd1 Bh4 17. Bg3 Bxg3 18. Rxg3 Qe7 19. Bb1 Qf7 20. f3 Qe7 21.
g5 hxg5 22. Qd3 Qf6 23. Ne4 Qh6 24. Nxg5 Rf5 25. f4 Qh1+ 26. Qf1 Qxf1+ 27. Kxf1
Rf6 28. Ke2 Rh6 29. Nf3 Nf6 30. Rdg1 Nh5 31. Rg5 Kh8 32. Ne5 1-0

[Event "SV Horst-Emscher 2 - SK Germania Kupfer"]
[Site "Verbandsklasse - Gruppe 2 202"]
[Date "2021.12.12"]
[Round "3.4"]
[White "Doenges, Dirk"]
[Black "Degner, Friedhelm"]
[Result "1-0"]
[WhiteElo "1748"]
[BlackElo "1765"]
[PlyCount "125"]
[EventDate "2021.??.??"]
[WhiteTeam "SV Horst-Emscher 2"]
[BlackTeam "SK Germania Kupferdreh 1"]

1. e4 c6 2. Nf3 e5 3. Nc3 d6 4. d4 exd4 5. Nxd4 Nf6 6. Be2 Be7 7. O-O Nbd7 8.
Nf5 O-O 9. Nxd6 Nc5 10. Nxc8 Rxc8 11. Qxd8 Bxd8 12. f3 Ba5 13. Nd1 Ne6 14. Be3
Rfd8 15. Nf2 Nd4 16. Bxd4 Rxd4 17. Rad1 Rcd8 18. Rxd4 Rxd4 19. Rd1 Bb6 20. Rxd4
Bxd4 21. c3 Be3 22. Kf1 Nd7 23. Nd3 f6 24. Bd1 Kf8 25. Ke2 Bb6 26. Bb3 Ke7 27.
f4 c5 28. Bd5 Kd6 29. Bxb7 c4 30. Ne1 Kc5 31. Nf3 Bc7 32. g3 Nb6 33. b3 a5 34.
Nd4 cxb3 35. axb3 a4 36. b4+ Kd6 37. Kd3 g5 38. c4 Ke7 39. Nb5 Bb8 40. c5 gxf4
41. gxf4 Bxf4 42. h3 Nd7 43. c6 Ne5+ 44. Kc2 Nc4 45. c7 Bxc7 46. Nxc7 Nd6 47.
Bd5 Kd7 48. Na6 a3 49. Kb3 Nb5 50. Bc4 Nd6 51. Bd3 Kc6 52. Kxa3 Nf7 53. Nc5 Ng5
54. Bf1 Nf3 55. Ka4 Ne5 56. Ka5 Nf7 57. Nb3 Kb7 58. b5 Ne5 59. Nc5+ Kb8 60. Ka6
Ka8 61. b6 Kb8 62. b7 h5 63. Kb6 1-0

[Event "SV Horst-Emscher 2 - SK Germania Kupfer"]
[Site "Verbandsklasse - Gruppe 2 202"]
[Date "2021.12.12"]
[Round "3.5"]
[White "Struschka, Andreas"]
[Black "Tobczewski, Peter"]
[Result "1/2-1/2"]
[WhiteElo "1868"]
[BlackElo "1874"]
[PlyCount "104"]
[EventDate "2021.??.??"]
[WhiteTeam "SK Germania Kupferdreh 1"]
[BlackTeam "SV Horst-Emscher 2"]

1. e4 c5 2. Nf3 Nf6 3. Nc3 Nc6 4. d3 d5 5. exd5 Nxd5 6. Be2 Nxc3 7. bxc3 e5 8.
O-O Be7 9. Re1 O-O 10. Bf1 Bf6 11. Nd2 Be6 12. Rb1 b6 13. c4 Qd7 14. h3 Rad8
15. Bb2 Nd4 16. Ne4 Be7 17. Nc3 Bd6 18. Nb5 Bb8 19. a4 Bf5 20. a5 Rfe8 21. axb6
axb6 22. Bc1 Nxb5 23. Rxb5 e4 24. Be3 Bc7 25. Rb3 Qd6 26. g3 Qg6 27. Kh2 Rd7
28. Qb1 Red8 29. Rd1 h5 30. Qc1 exd3 31. cxd3 Bxd3 32. Bf4 Bxf1 33. Rxd7 Rxd7
34. Bxc7 Rxc7 35. Qxf1 h4 36. Qe2 hxg3+ 37. fxg3 Qc6 38. Re3 Rc8 39. h4 Rd8 40.
Re5 Kf8 41. h5 Qh6 42. Kh3 g6 43. Qf3 Qg7 44. Rg5 Qh6 45. Qf6 Rd4 46. Kg2 Qg7
47. Qxb6 Rd2+ 48. Kh3 Qa1 49. Qxc5+ Kg8 50. hxg6 Qh1+ 51. Kg4 Qe4+ 52. Kh3 Qh1+
1/2-1/2

[Event "SV Horst-Emscher 2 - SK Germania Kupfer"]
[Site "Verbandsklasse - Gruppe 2 202"]
[Date "2021.12.12"]
[Round "3.6"]
[White "Schreiner, Paulo"]
[Black "Wuthcke, Dieter"]
[Result "1/2-1/2"]
[WhiteElo "1768"]
[BlackElo "1715"]
[PlyCount "58"]
[EventDate "2021.??.??"]
[WhiteTeam "SV Horst-Emscher 2"]
[BlackTeam "SK Germania Kupferdreh 1"]

1. d4 Nf6 2. c4 c5 3. d5 e6 4. Nc3 exd5 5. cxd5 d6 6. e4 g6 7. f4 Bg7 8. Bb5+
Nfd7 9. Nf3 O-O 10. O-O a6 11. Bd3 b5 12. f5 c4 13. Bc2 Nc5 14. fxg6 fxg6 15.
Be3 Nbd7 16. Qd2 Qc7 17. Bh6 Nf6 18. e5 dxe5 19. d6 Qb6 20. Kh1 Bxh6 21. Qxh6
Ng4 22. Qd2 Nd3 23. Bxd3 cxd3 24. Qxd3 Bf5 25. Qd5+ Kg7 26. h3 Nf2+ 27. Rxf2
Qxf2 28. Qxe5+ Kh6 29. Qf4+ Kg7 1/2-1/2

[Event "SV Horst-Emscher 2 - SK Germania Kupfer"]
[Site "Verbandsklasse - Gruppe 2 202"]
[Date "2021.12.12"]
[Round "3.7"]
[White "Stein, Daniel"]
[Black "Kotter, Michael"]
[Result "1-0"]
[WhiteElo "1623"]
[BlackElo "1852"]
[PlyCount "101"]
[EventDate "2021.??.??"]
[WhiteTeam "SK Germania Kupferdreh 1"]
[BlackTeam "SV Horst-Emscher 2"]

1. d4 Nf6 2. Nf3 d5 3. c4 e6 4. e3 Be7 5. b3 Nbd7 6. Bd3 c6 7. Nbd2 Qc7 8. Bb2
O-O 9. O-O Re8 10. Qc2 Bd6 11. e4 dxe4 12. Nxe4 Nxe4 13. Bxe4 h6 14. h3 e5 15.
Rfe1 exd4 16. Bh7+ Kf8 17. Rxe8+ Kxe8 18. Qe4+ Kf8 19. Bxd4 Nc5 20. Bxc5 Bxc5
21. Re1 Be6 22. Bf5 Re8 23. Qg4 Bxf5 24. Rxe8+ Kxe8 25. Qxf5 Be7 26. Qe4 Qd7
27. Nd4 Kd8 28. Nf5 Bf6 29. Qf4 Ke8 30. Nxh6 Qd1+ 31. Kh2 Qc2 32. Ng4 Be7 33.
Qb8+ Bd8 34. Qxb7 f5 35. Qxc6+ Kf7 36. Qd7+ Kg6 37. Qxd8 fxg4 38. Qd6+ Kh7 39.
Qg3 Qxa2 40. hxg4 Qa5 41. Qd3+ Kh6 42. Qd5 Qc7+ 43. g3 g6 44. Qg8 Kg5 45. f4+
Kxg4 46. Qxg6+ Kf3 47. Qd3+ Kf2 48. Qd2+ Kf3 49. Qg2+ Kg4 50. Qe2+ Kf5 51. Qe5+
1-0

[Event "SV Horst-Emscher 2 - SK Germania Kupfer"]
[Site "Verbandsklasse - Gruppe 2 202"]
[Date "2021.12.12"]
[Round "3.8"]
[White "Rohsiepe, Sebastian"]
[Black "Schaefer, Karl Ludwig"]
[Result "1-0"]
[WhiteElo "1629"]
[BlackElo "1588"]
[PlyCount "85"]
[EventDate "2021.??.??"]
[WhiteTeam "SV Horst-Emscher 2"]
[BlackTeam "SK Germania Kupferdreh 1"]

1. e4 e5 2. Nf3 Nc6 3. Bc4 Nf6 4. d3 Bc5 5. Nc3 h6 6. O-O d6 7. h3 O-O 8. Re1
a6 9. Bd2 Na5 10. Bb3 Nxb3 11. axb3 Be6 12. Na4 Ba7 13. Be3 Qd7 14. Bxa7 Rxa7
15. Nc3 Nh5 16. Nxe5 dxe5 17. Qxh5 f6 18. Qf3 c6 19. Na4 Qc7 20. Qe3 Raa8 21.
Qb6 Qxb6 22. Nxb6 Rad8 23. Nc4 Rf7 24. Re3 Rfd7 25. Rf1 g5 26. Kh2 Kg7 27. g3
b5 28. Nd2 h5 29. f4 exf4 30. gxf4 Rf7 31. Rg3 Kh6 32. fxg5+ fxg5 33. Rxf7 Bxf7
34. Nf3 Rg8 35. Nd4 Bg6 36. Nxc6 Rc8 37. Nd4 Rf8 38. Rf3 Rxf3 39. Nxf3 g4 40.
hxg4 hxg4 41. Ne5 Bh5 42. Kg3 Kg5 43. d4 1-0

[Event "SF Buer 1 - SV Königsspringer Haltern 1"]
[Site "Verbandsklasse - Gruppe 2 202"]
[Date "2021.12.12"]
[Round "3.1"]
[White "Lombardi, Marco"]
[Black "Große-Frintrop, Gerd"]
[Result "1-0"]
[WhiteElo "1933"]
[BlackElo "2001"]
[PlyCount "113"]
[EventDate "2021.??.??"]
[WhiteTeam "SV Königsspringer Haltern 1"]
[BlackTeam "SF Buer 1"]

1. e4 e6 2. d4 d5 3. Nc3 Nf6 4. Bg5 dxe4 5. Nxe4 Nbd7 6. Nf3 Be7 7. Nxf6+ Bxf6
8. Bxf6 Qxf6 9. g3 c5 10. Bg2 O-O 11. O-O cxd4 12. Qxd4 e5 13. Qc3 e4 14. Nd4
Qg6 15. Rae1 Nf6 16. Qc7 b6 17. Nc6 Kh8 18. Ne7 Qg4 19. f3 Qe6 20. fxe4 Ba6 21.
Rf2 Rfe8 22. Nf5 Ng4 23. Rd2 Ne5 24. b3 g6 25. Rd6 Qc8 26. Qxc8 Raxc8 27. Nd4
Bb7 28. Re2 Kg7 29. c4 Kf8 30. Nb5 Nc6 31. e5 a6 32. Na7 Rcd8 33. Rxc6 Bxc6 34.
Nxc6 Rc8 35. Bd5 Rc7 36. Nd4 Kg7 37. a4 Rce7 38. e6 f5 39. Kf2 Kf6 40. Nc6 Rc7
41. Ne5 Ke7 42. Kf3 b5 43. axb5 axb5 44. Ra2 bxc4 45. bxc4 g5 46. Ra6 Kf6 47.
Nc6 Rxe6 48. Bxe6 Kxe6 49. Ke3 Kd6 50. Nd4+ Kd7 51. Kd3 f4 52. gxf4 gxf4 53.
Rh6 Ke8 54. Rf6 Rc5 55. Rxf4 Rh5 56. h4 Kd7 57. Nf5 1-0

[Event "SF Buer 1 - SV Königsspringer Haltern 1"]
[Site "Verbandsklasse - Gruppe 2 202"]
[Date "2021.12.12"]
[Round "3.2"]
[White "Renk, Christoph"]
[Black "Czarnik, Jozef"]
[Result "1/2-1/2"]
[WhiteElo "1970"]
[BlackElo "1885"]
[PlyCount "96"]
[EventDate "2021.??.??"]
[WhiteTeam "SF Buer 1"]
[BlackTeam "SV Königsspringer Haltern 1"]

1. d4 d5 2. c4 c6 3. cxd5 cxd5 4. Nc3 Nf6 5. Bf4 Bf5 6. Qb3 Qb6 7. Qxb6 axb6 8.
Nb5 Na6 9. Rc1 Rc8 10. Rxc8+ Bxc8 11. Nf3 Ne4 12. a3 e6 13. e3 f6 14. h4 Be7
15. Bd3 Bd7 16. Ke2 Kf7 17. Rc1 Rc8 18. Rxc8 Bxc8 19. Bxe4 dxe4 20. Nd2 Bd7 21.
Nc3 f5 22. Nc4 Bxh4 23. Nxb6 Ke8 24. b4 Bd8 25. Nc4 Bc8 26. Nb5 Be7 27. Be5 g6
28. Nbd6+ Bxd6 29. Bxd6 Kd7 30. Be5 b5 31. Nd6 Nc7 32. Kd2 Ba6 33. Nf7 Ne8 34.
Ng5 h6 35. Nf7 h5 36. Ng5 Nd6 37. Bxd6 Kxd6 38. g3 Bc8 39. Kc3 Bd7 40. Kb3 Be8
41. Kc3 e5 42. Nh3 Kd5 43. dxe5 Kxe5 44. Ng5 Kf6 45. Nh7+ Ke5 46. Ng5 Kf6 47.
Nh7+ Ke5 48. Ng5 Kf6 1/2-1/2

[Event "SF Buer 1 - SV Königsspringer Haltern 1"]
[Site "Verbandsklasse - Gruppe 2 202"]
[Date "2021.12.12"]
[Round "3.3"]
[White "Michalicek, Roland"]
[Black "Kreitling, Oliver"]
[Result "0-1"]
[WhiteElo "1840"]
[BlackElo "1882"]
[PlyCount "102"]
[EventDate "2021.??.??"]
[WhiteTeam "SV Königsspringer Haltern 1"]
[BlackTeam "SF Buer 1"]

1. e4 c6 2. d4 d5 3. Nc3 dxe4 4. Nxe4 Bf5 5. Ng3 Bg6 6. Nf3 Nd7 7. d5 Qa5+ 8.
c3 Qxd5 9. Qxd5 cxd5 10. Bb5 a6 11. Bxd7+ Kxd7 12. Ne5+ Ke8 13. Be3 e6 14.
O-O-O Bd6 15. Bf4 Bxe5 16. Bxe5 f6 17. Bc7 Rc8 18. Ba5 Ne7 19. Rhe1 Kf7 20. Ne2
e5 21. Ng1 Nc6 22. Bb6 Nb4 23. Re3 d4 24. Rg3 Nd5 25. Ba7 b5 26. Ne2 Rc7 27.
Bxd4 exd4 28. Rxd4 Re8 29. Kd2 Rce7 30. Ng1 Nb6 31. b3 Nd7 32. Rd6 Nc5 33. f3
Re1 34. Rc6 Nd3 35. Rc7+ R8e7 36. Rxe7+ Rxe7 37. Ne2 Rd7 38. Nd4 Nf4 39. Rg4
Ne6 40. Ke3 Nxd4 41. Rxd4 Ke6 42. c4 Rxd4 43. Kxd4 bxc4 44. Kxc4 Kd6 45. Kb4
Bd3 46. f4 h5 47. Kc3 Bf1 48. g3 Kc5 49. a4 a5 50. b4+ axb4+ 51. Kb3 Bc4+ 0-1

[Event "SF Buer 1 - SV Königsspringer Haltern 1"]
[Site "Verbandsklasse - Gruppe 2 202"]
[Date "2021.12.12"]
[Round "3.4"]
[White "Olschewski, Niklas"]
[Black "Schulz, Alfons"]
[Result "1-0"]
[WhiteElo "1701"]
[BlackElo "1824"]
[PlyCount "33"]
[EventDate "2021.??.??"]
[WhiteTeam "SF Buer 1"]
[BlackTeam "SV Königsspringer Haltern 1"]

1. d4 Nf6 2. c4 e6 3. Nc3 c5 4. d5 exd5 5. cxd5 d6 6. e4 g6 7. Bg5 Bg7 8. Bd3
h6 9. Bh4 O-O 10. f4 Qa5 11. Nge2 Re8 12. O-O Bd7 13. h3 b5 14. e5 c4 15. Bc2
dxe5 16. fxe5 Rxe5 17. Bxf6 1-0